| Record ID | ia:enduringquestion00melv |
| Source | Internet Archive |
| Download MARC XML | https://archive.org/download/enduringquestion00melv/enduringquestion00melv_marc.xml |
| Download MARC binary | https://www.archive.org/download/enduringquestion00melv/enduringquestion00melv_meta.mrc |
LEADER: 00758cam a2200241 4500
008 710223s1969 nyu b 00110 eng
010 $a 71077813
020 $a0030809762
035 $a(Sirsi) AAC-8965
035 $aC6063531
050 0 $aBD31$b.R32 1969
082 $a190/.8
090 $aBD31.R32 1969$mZTCPW$pENDURING$i37348000289769
100 10 $aRader, Melvin Miller,$d1903-
245 14 $aThe enduring questions;$bmain problems of philosophy$c[by] Melvin Rader.
250 $a2d ed.
260 0 $aNew York,$bHolt, Rinehart and Winston$c[1969]
300 $axi, 838 p.$c25 cm.
504 $aBibliography: p. 805-829.
650 0 $aPhilosophy.
948 $a02/08/1991$b09/12/2001
949 $aBD31.R32 1969$wLC$mUPEI$zNOITEM
901 $a27638$bSystem$c27638